[Event "22PCR_F"]
[Site "?"]
[Date "2010.??.??"]
[Round "?"]
[White "Chvojka, Jaroslav"]
[Black "Goc, Pavel"]
[Result "1-0"]
[WhiteElo "2132"]
[BlackElo "2154"]
[PlyCount "75"]
[EventDate "2010.??.??"]
[EventType "corr"]

1. d4 Nf6 2. c4 e6 3. Nf3 b6 4. g3 Bb7 5. Bg2 Be7 6. O-O O-O 7. Nc3 Ne4 8. Qd3
Nxc3 9. Qxc3 f5 10. Bf4 g5 11. Be3 g4 12. Ne1 Bxg2 13. Nxg2 Nc6 14. f3 h5 15.
Nf4 Qe8 16. Rac1 Nb4 17. Ra1 c5 18. dxc5 bxc5 19. Qd2 Rd8 20. Rab1 Nxa2 21. Ra1
Nb4 22. Rxa7 Rf6 23. Rd1 d5 24. cxd5 Nxd5 25. Bf2 Nxf4 26. Rxe7 Nxe2+ 27. Kf1
Nxg3+ 28. Ke1 Qxe7 29. Qxd8+ Qxd8 30. Rxd8+ Kf7 31. hxg3 gxf3 32. Bxc5 e5 33.
Rf8+ Ke6 34. Rxf6+ Kxf6 35. Kf2 e4 36. b4 Ke5 37. b5 Kd5 38. b6 1-0

[Event "22PCR_F"]
[Site "?"]
[Date "2010.??.??"]
[Round "?"]
[White "Bultman, Milan"]
[Black "Goc, Pavel"]
[Result "1-0"]
[WhiteElo "2105"]
[BlackElo "2154"]
[PlyCount "65"]
[EventDate "2010.??.??"]
[EventType "corr"]

1. d4 Nf6 2. Nf3 d5 3. c4 c6 4. Nc3 dxc4 5. a4 Bf5 6. e3 e6 7. Bxc4 Bb4 8. O-O
O-O 9. Qe2 Nbd7 10. e4 Bg6 11. Bd3 Bh5 12. Bf4 Re8 13. e5 Nd5 14. Nxd5 exd5 15.
Bf5 Nf8 16. g4 Bg6 17. Bd2 Bxd2 18. Qxd2 h5 19. h3 hxg4 20. hxg4 f6 21. Kg2
Bxf5 22. gxf5 fxe5 23. dxe5 Qd7 24. Qf4 g6 25. f6 Qf5 26. Qxf5 gxf5 27. Rh1 Nd7
28. Rh6 Rxe5 29. Rah1 Ree8 30. Ng5 Nxf6 31. Rg6+ Kf8 32. Rxf6+ Kg8 33. Rhh6 1-0

[Event "22PCR_F"]
[Site "?"]
[Date "2010.??.??"]
[Round "?"]
[White "Bultman, Milan"]
[Black "Struzka, Vlastimil"]
[Result "1-0"]
[WhiteElo "2105"]
[BlackElo "2235"]
[PlyCount "105"]
[EventDate "2010.??.??"]
[EventType "corr"]

1. d4 d5 2. Nf3 Nf6 3. c4 c6 4. Nc3 dxc4 5. a4 Bf5 6. e3 e6 7. Bxc4 Nbd7 8. O-O
Bd6 9. Qe2 Ne4 10. Bd3 Nxc3 11. bxc3 Bxd3 12. Qxd3 O-O 13. e4 h6 14. e5 Be7 15.
Bf4 Qa5 16. Nd2 c5 17. Rfb1 cxd4 18. cxd4 Nb6 19. Qg3 Kh8 20. Qh3 Kh7 21. Rb5
Qa6 22. Ne4 Nd5 23. Bg5 Bxg5 24. Nxg5+ Kg8 25. Ne4 Rae8 26. Nf6+ Nxf6 27. exf6
Rc8 28. Rf1 Rfd8 29. Rh5 Qd6 30. Qg4 Qf8 31. Rxh6 Rxd4 32. Qxd4 gxh6 33. h4 h5
34. Qe3 Kh7 35. Qd3+ Kh8 36. Rd1 b6 37. Qd7 Kg8 38. Rd3 Kh8 39. Rg3 Rd8 40. Qc7
Rd4 41. Qc1 Rg4 42. Rc3 Kh7 43. Qc2+ Rg6 44. Rc7 a6 45. g4 e5 46. Qf5 Qh6 47.
Rxf7+ Kg8 48. g5 Kxf7 49. Qd7+ Kg8 50. f7+ Kh8 51. Qc8+ Kh7 52. f8=Q Qxf8 53.
Qxf8 1-0

[Event "22PCR_F"]
[Site "?"]
[Date "2010.??.??"]
[Round "?"]
[White "Bultman, Milan"]
[Black "Vlacil, Vladimir"]
[Result "1-0"]
[WhiteElo "2105"]
[BlackElo "2125"]
[PlyCount "67"]
[EventDate "2010.??.??"]
[EventType "corr"]

1. d4 Nf6 2. Nf3 g6 3. c4 Bg7 4. Nc3 O-O 5. e4 d6 6. Be2 e5 7. dxe5 dxe5 8.
Qxd8 Rxd8 9. Bg5 Re8 10. Nd5 Nxd5 11. cxd5 c6 12. O-O-O cxd5 13. Bb5 Bd7 14.
Bxd7 Nxd7 15. Rxd5 Nf8 16. Be3 b6 17. Rhd1 Ne6 18. g3 Rac8+ 19. Kb1 Red8 20.
Rxd8+ Rxd8 21. Rxd8+ Nxd8 22. Kc2 Kf8 23. Kd3 Ke8 24. Kc4 Kd7 25. Kb5 Nc6 26.
Ng5 f6 27. Nxh7 Kc7 28. Ka6 Kb8 29. Bd2 Ka8 30. h4 Nb8+ 31. Kb5 Kb7 32. g4 a6+
33. Kc4 Kc6 34. h5 1-0

[Event "22PCR_F"]
[Site "?"]
[Date "2010.??.??"]
[Round "?"]
[White "Vlacil, Vladimir"]
[Black "Goc, Pavel"]
[Result "0-1"]
[WhiteElo "2125"]
[BlackElo "2154"]
[PlyCount "76"]
[EventDate "2010.??.??"]
[EventType "corr"]

1. e4 e5 2. Nf3 Nc6 3. Bb5 a6 4. Ba4 Nf6 5. O-O Be7 6. Bxc6 dxc6 7. d3 Nd7 8.
Nbd2 O-O 9. Nc4 f6 10. Nh4 Nc5 11. Nf5 Bxf5 12. exf5 Qd7 13. Qf3 Qd5 14. Nd2
Rad8 15. Re1 Qxf3 16. Nxf3 Kf7 17. g4 Rfe8 18. Be3 Na4 19. Rab1 Bc5 20. Nd2 Bd4
21. Bxd4 Rxd4 22. Re4 Red8 23. f3 b5 24. Rxd4 Rxd4 25. Ne4 a5 26. Kf2 Rd8 27.
h4 Nb6 28. Nc3 Nd5 29. Nxd5 cxd5 30. h5 c5 31. b3 b4 32. a4 c4 33. dxc4 dxc4
34. Ke2 Ke7 35. Rd1 Rxd1 36. Kxd1 Kd6 37. Kd2 Kc5 38. Ke3 Kd5 0-1

[Event "22PCR_F"]
[Site "?"]
[Date "2010.??.??"]
[Round "?"]
[White "Goc, Pavel"]
[Black "Vlacil, Vladimir"]
[Result "1-0"]
[WhiteElo "2154"]
[BlackElo "2125"]
[PlyCount "69"]
[EventDate "2010.??.??"]
[EventType "corr"]

1. e4 c5 2. Nf3 e6 3. d4 cxd4 4. Nxd4 a6 5. Nc3 Qc7 6. Bd3 Nc6 7. Be3 Nf6 8.
O-O Ne5 9. Be2 b5 10. f4 Nc4 11. Bxc4 Qxc4 12. e5 Nd5 13. Nxd5 Qxd5 14. Qe2 Bb7
15. Nb3 Rc8 16. c3 Qe4 17. Rad1 h5 18. Rd4 Qf5 19. c4 bxc4 20. Rxc4 Rxc4 21.
Qxc4 Qe4 22. Qxe4 Bxe4 23. Rc1 f6 24. Rc7 Rh7 25. Bc5 Bxc5+ 26. Nxc5 Bc6 27.
Nxa6 fxe5 28. fxe5 g5 29. Rc8+ Ke7 30. Nc7 h4 31. Ne8 Rh8 32. Nd6 Rxc8 33.
Nxc8+ Kd8 34. Nd6 Kc7 35. h3 1-0

[Event "22PCR_F"]
[Site "?"]
[Date "2010.??.??"]
[Round "?"]
[White "Fejfar, Vlastimil"]
[Black "Bultman, Milan"]
[Result "1/2-1/2"]
[WhiteElo "2186"]
[BlackElo "2105"]
[PlyCount "76"]
[EventDate "2010.??.??"]
[EventType "corr"]

1. e4 c5 2. Nf3 d6 3. d4 cxd4 4. Nxd4 Nf6 5. Nc3 a6 6. Be3 e6 7. g4 e5 8. Nf5
g6 9. g5 gxf5 10. exf5 d5 11. gxf6 d4 12. Bc4 Qc7 13. Qd3 dxc3 14. O-O-O Nc6
15. Qe4 Rg8 16. Kb1 Bb4 17. Bd5 Bd7 18. Rhg1 O-O-O 19. Rxg8 Rxg8 20. Bxc6 Qxc6
21. Qxb4 cxb2 22. Rd6 Qb5 23. Qxb5 Bxb5 24. Bb6 Rf8 25. Kxb2 Bd7 26. Rd5 Bxf5
27. f4 Be4 28. Rc5+ Bc6 29. fxe5 Kd7 30. h3 h5 31. Kc3 Rg8 32. e6+ Kxe6 33.
Rxh5 Kxf6 34. a3 Rg3+ 35. Kb4 Rg2 36. Kb3 Bd7 37. h4 Be6+ 38. c4 Kg6 1/2-1/2

[Event "22PCR_F"]
[Site "?"]
[Date "2010.??.??"]
[Round "?"]
[White "Fejfar, Vlastimil"]
[Black "Cvak, Rudolf"]
[Result "0-1"]
[WhiteElo "2186"]
[BlackElo "2080"]
[PlyCount "104"]
[EventDate "2010.??.??"]
[EventType "corr"]

1. e4 c5 2. Nf3 d6 3. d4 cxd4 4. Nxd4 Nf6 5. Nc3 g6 6. Bc4 Bg7 7. h3 Nc6 8. Be3
O-O 9. Bb3 Na5 10. O-O b6 11. Re1 Bb7 12. Bg5 Nxb3 13. axb3 h6 14. Bh4 Qd7 15.
Bxf6 Bxf6 16. Re2 e6 17. Rd2 a6 18. Qe2 Qc7 19. Qf3 Kg7 20. Qd3 Rfd8 21. Rad1
Rac8 22. Qe3 b5 23. Re2 Qc5 24. Rd3 a5 25. f4 Ba6 26. e5 dxe5 27. fxe5 Bg5 28.
Qf2 b4 29. Ne4 Qe7 30. Nd6 Bxd3 31. Nxc8 Qd7 32. cxd3 Qxd4 33. Nd6 Qxf2+ 34.
Kxf2 Be7 35. Rc2 Bxd6 36. exd6 Rxd6 37. Ke3 Rd5 38. d4 h5 39. Rc5 Kf6 40. Rc2
h4 41. Ke4 Rf5 42. Rd2 Ke7 43. Kd3 Kd6 44. Re2 Kd5 45. Rc2 f6 46. Rc5+ Kd6 47.
Rc2 g5 48. Ke3 Rf1 49. Ke2 Ra1 50. Kd3 Rd1+ 51. Kc4 f5 52. Re2 Rh1 0-1

[Event "22PCR_F"]
[Site "?"]
[Date "2010.??.??"]
[Round "?"]
[White "Slavik, Miroslav"]
[Black "Goc, Pavel"]
[Result "1-0"]
[WhiteElo "2263"]
[BlackElo "2154"]
[PlyCount "81"]
[EventDate "2010.??.??"]
[EventType "corr"]

1. e4 e5 2. Nf3 Nc6 3. Bc4 Bc5 4. d3 Nf6 5. Nc3 d6 6. Na4 Bb6 7. c3 Na5 8. Bb5+
Bd7 9. Bxd7+ Qxd7 10. O-O h6 11. Nh4 Qg4 12. Qxg4 Nxg4 13. h3 Nf6 14. Nf5 O-O
15. Ne7+ Kh7 16. Nd5 Ne8 17. b4 Nc6 18. Nb2 Nb8 19. a4 c6 20. Nxb6 axb6 21. Be3
Nd7 22. Nc4 f5 23. Nxb6 Nxb6 24. Bxb6 fxe4 25. dxe4 Nf6 26. Rfe1 Kg6 27. a5 Kf7
28. c4 Ke6 29. f3 g5 30. Ra3 d5 31. cxd5+ cxd5 32. exd5+ Nxd5 33. Bd4 Nxb4 34.
Rxe5+ Kd6 35. Rb5 Nc2 36. Bc5+ Kc6 37. Rab3 Rf4 38. Bf2 Nd4 39. Rb6+ Kc5 40. g3
Rf7 41. R6b5+ 1-0

[Event "22PCR_F"]
[Site "?"]
[Date "2010.??.??"]
[Round "?"]
[White "Urban, Miroslav"]
[Black "Slavik, Miroslav"]
[Result "0-1"]
[WhiteElo "2231"]
[BlackElo "2263"]
[PlyCount "102"]
[EventDate "2010.??.??"]
[EventType "corr"]

1. d4 d5 2. c4 e6 3. Nc3 Nf6 4. Bg5 c6 5. Nf3 Nbd7 6. Rc1 h6 7. Bh4 dxc4 8. e3
b5 9. Nxb5 cxb5 10. Be2 Qa5+ 11. Nd2 Bb7 12. O-O Bb4 13. Rc2 Ne4 14. Bf3 Bxd2
15. Bxe4 Bxe4 16. Rxd2 Qxa2 17. Qg4 Bg6 18. Rfd1 O-O 19. d5 Ne5 20. Qd4 f6 21.
e4 Rad8 22. Bg3 Nd3 23. f3 Rd7 24. d6 e5 25. Qd5+ Bf7 26. Qxb5 Rxd6 27. Bf2
Rfd8 28. h4 Kh7 29. Be3 Be8 30. Qb7 R6d7 31. Qb5 Re7 32. b3 Qxd2 33. Rxd2 Bxb5
34. bxc4 Bxc4 35. Rc2 Rc8 36. h5 Rb7 37. Rc3 Rb1+ 38. Kh2 Ra1 39. Bg1 a5 40.
Be3 a4 41. f4 Ba6 42. Bd2 Rxc3 43. Bxc3 Rc1 44. Bd2 Rc2 45. Be3 a3 46. fxe5
fxe5 47. Bc5 a2 48. Kh3 a1=Q 49. Kh4 Qh1+ 50. Kg3 Rxg2+ 51. Kf3 Qh3# 0-1

[Event "22PCR_F"]
[Site "?"]
[Date "2010.??.??"]
[Round "?"]
[White "Urban, Miroslav"]
[Black "Goc, Pavel"]
[Result "1-0"]
[WhiteElo "2231"]
[BlackElo "2154"]
[PlyCount "75"]
[EventDate "2010.??.??"]
[EventType "corr"]

1. c4 c5 2. Nf3 Nf6 3. Nc3 d5 4. cxd5 Nxd5 5. e4 Nb4 6. Bc4 Be6 7. Bxe6 Nd3+ 8.
Kf1 fxe6 9. Ng5 Qd7 10. Qf3 Ne5 11. Qh3 Qd3+ 12. Qxd3 Nxd3 13. Nb5 Kd7 14. Ke2
a6 15. Nc3 c4 16. Na4 Kc6 17. b3 b5 18. Nb2 Nb4 19. a4 cxb3 20. axb5+ Kxb5 21.
Nxe6 Nc2 22. Rb1 Na3 23. Nd4+ Kc5 24. Nxb3+ Kd6 25. Ra1 Nb5 26. Nc4+ Ke6 27.
Nc5+ Kf7 28. Ne5+ Ke8 29. Bb2 Rg8 30. Rhc1 Nd6 31. Ra3 Ra7 32. Rb3 Nd7 33.
Ncxd7 Rxd7 34. Nxd7 Kxd7 35. e5 Nb5 36. Rd3+ Ke6 37. Rc6+ Kf5 38. Rxa6 1-0

[Event "22PCR_F"]
[Site "?"]
[Date "2010.??.??"]
[Round "?"]
[White "Slavik, Miroslav"]
[Black "Urban, Miroslav"]
[Result "1/2-1/2"]
[WhiteElo "2263"]
[BlackElo "2231"]
[PlyCount "104"]
[EventDate "2010.??.??"]
[EventType "corr"]

1. d4 Nf6 2. c4 e6 3. Nf3 b6 4. e3 Bb7 5. Be2 Be7 6. O-O O-O 7. Nc3 d5 8. cxd5
Nxd5 9. Qc2 Nxc3 10. bxc3 c5 11. Bd3 h6 12. Qe2 Qc7 13. Rd1 Rd8 14. e4 Nc6 15.
Be3 cxd4 16. cxd4 Ba3 17. Bc1 Bd6 18. Bb2 Rac8 19. Rac1 Qe7 20. e5 Ba3 21. Qe4
g6 22. Bxa3 Qxa3 23. Qh4 Ne7 24. Rxc8 Rxc8 25. Qxh6 Bxf3 26. gxf3 Qxa2 27. Be4
Qa4 28. Qd2 Kg7 29. Kg2 Qd7 30. Qf4 Rh8 31. Qf6+ Kg8 32. Kh1 a5 33. Rg1 Rh3 34.
Qg5 b5 35. Qd2 Qd8 36. Kg2 Rh5 37. f4 Nd5 38. Bxd5 Qxd5+ 39. f3 Qd8 40. Ra1 a4
41. Rb1 Qh4 42. Kg1 Rf5 43. Rxb5 Rxf4 44. Qe3 Rxd4 45. Rb2 Rd1+ 46. Kg2 a3 47.
Ra2 Rb1 48. Qd2 Kg7 49. Rxa3 Rb5 50. Ra5 Rb8 51. Ra1 Rd8 52. Qf2 Qf4 1/2-1/2

[Event "22PCR_F"]
[Site "?"]
[Date "2010.??.??"]
[Round "?"]
[White "Chvojka, Jaroslav"]
[Black "Slavik, Miroslav"]
[Result "1-0"]
[WhiteElo "2132"]
[BlackElo "2263"]
[PlyCount "97"]
[EventDate "2010.??.??"]
[EventType "corr"]

1. d4 Nf6 2. c4 e6 3. Nf3 d5 4. Nc3 Nbd7 5. cxd5 exd5 6. Bf4 c6 7. e3 Nh5 8.
Bg5 Ndf6 9. Ne5 Qb6 10. Be2 Qxb2 11. O-O Qxc3 12. Bxh5 Nxh5 13. Qxh5 g6 14. Qf3
f5 15. Bf6 Rg8 16. a4 Qa5 17. Qh3 h5 18. Rfb1 Bd6 19. Qg3 Qc7 20. a5 Qf7 21.
Qg5 Qc7 22. f3 Bxe5 23. Bxe5 Qe7 24. Bf6 Qe6 25. Rc1 Rf8 26. Be5 Bd7 27. Rab1
Bc8 28. Qh6 Rg8 29. Rc3 g5 30. Qxe6+ Bxe6 31. Rxb7 Bd7 32. Kf2 h4 33. a6 Rg6
34. Rc7 c5 35. dxc5 Re6 36. c6 Bc8 37. f4 Bxa6 38. Rg7 Rc8 39. c7 gxf4 40. exf4
Bc4 41. Rh3 Re7 42. Rg8+ Kd7 43. Rd8+ Rxd8 44. cxd8=Q+ Kxd8 45. Bf6 Kd7 46.
Bxe7 Kxe7 47. Rxh4 d4 48. Rh7+ Bf7 49. Ke2 1-0

[Event "22PCR_F"]
[Site "?"]
[Date "2010.??.??"]
[Round "?"]
[White "Struzka, Vlastimil"]
[Black "Urban, Miroslav"]
[Result "0-1"]
[WhiteElo "2235"]
[BlackElo "2231"]
[PlyCount "106"]
[EventDate "2010.??.??"]
[EventType "corr"]

1. d4 Nf6 2. Nf3 d5 3. Bf4 c5 4. dxc5 Nc6 5. e3 e6 6. Be2 Bxc5 7. O-O O-O 8. c4
Qb6 9. Qb3 dxc4 10. Bxc4 Na5 11. Qxb6 axb6 12. Nbd2 Nxc4 13. Nxc4 Nd5 14. Bd6
Rd8 15. Bxc5 bxc5 16. Rfd1 Bd7 17. b4 Bb5 18. Rdc1 cxb4 19. Nd4 Ba6 20. Rc2
Rac8 21. Na5 e5 22. Rxc8 Rxc8 23. Nf3 f6 24. h3 Rc2 25. Rd1 Nc3 26. Rd8+ Kf7
27. Nxb7 Nxa2 28. Na5 Bc8 29. Rd2 Bf5 30. Nb3 Nc3 31. Kf1 Nb1 32. Rxc2 Bxc2 33.
Nc5 Ke7 34. Ne1 Kd6 35. Nb7+ Kc7 36. Nc5 Kb6 37. Ncd3 Bxd3+ 38. Nxd3 Kb5 39.
Nb2 Nc3 40. Ke1 b3 41. Kd2 Na4 42. Nd1 e4 43. f3 exf3 44. gxf3 Kc4 45. Nf2 Nc3
46. Kc1 h5 47. Kb2 Na4+ 48. Kc1 Kc3 49. Ne4+ Kd3 50. Ng3 g6 51. h4 Nc5 52. e4
Ke3 53. f4 Nd3+ 0-1

[Event "22PCR_F"]
[Site "?"]
[Date "2010.??.??"]
[Round "?"]
[White "Cvak, Rudolf"]
[Black "Chvojka, Jaroslav"]
[Result "1/2-1/2"]
[WhiteElo "2080"]
[BlackElo "2132"]
[PlyCount "72"]
[EventDate "2010.??.??"]
[EventType "corr"]

1. e4 e5 2. Nf3 Nc6 3. Bc4 Bc5 4. b4 Bxb4 5. c3 Ba5 6. d4 exd4 7. Qb3 Qf6 8.
O-O Bb6 9. e5 Qg6 10. cxd4 Nge7 11. Ba3 d6 12. exd6 cxd6 13. d5 Na5 14. Qa4+
Kd8 15. Nbd2 Bh3 16. Ne1 Rc8 17. Bb5 a6 18. Bb4 axb5 19. Qxb5 Bc7 20. Bxa5 Bd7
21. Bxc7+ Rxc7 22. Qa5 Qf5 23. Qa8+ Nc8 24. Nef3 Qxd5 25. Rfd1 Qc6 26. Ng5 Bg4
27. f3 Be6 28. Nde4 d5 29. Rab1 Qa6 30. Qb8 h6 31. Nxe6+ fxe6 32. Rdc1 Rxc1+
33. Rxc1 Qa7+ 34. Qxa7 Nxa7 35. Nc5 Ke7 36. Re1 e5 1/2-1/2

[Event "22PCR_F"]
[Site "?"]
[Date "2010.??.??"]
[Round "?"]
[White "Bultman, Milan"]
[Black "Urban, Miroslav"]
[Result "1/2-1/2"]
[WhiteElo "2105"]
[BlackElo "2231"]
[PlyCount "68"]
[EventDate "2010.??.??"]
[EventType "corr"]

1. d4 Nf6 2. Nf3 d5 3. c4 c6 4. Nc3 dxc4 5. a4 Bf5 6. e3 e6 7. Bxc4 Bb4 8. O-O
O-O 9. Nh4 Nbd7 10. Nxf5 exf5 11. Qb3 a5 12. Na2 Bd6 13. g3 Nb6 14. Be2 Re8 15.
Nc3 g6 16. Bd2 Bb4 17. Rfc1 Kg7 18. Rc2 Qe7 19. Kg2 Rad8 20. h3 Rd7 21. Rd1 h6
22. Rcc1 Qe6 23. Qxe6 fxe6 24. Be1 g5 25. Rc2 Kg6 26. Bd3 h5 27. f4 g4 28. Re2
gxh3+ 29. Kxh3 Rg7 30. e4 Bxc3 31. exf5+ exf5 32. Rxe8 Nxe8 33. Bxc3 Nxa4 34.
Re1 Nf6 1/2-1/2

[Event "22PCR_F"]
[Site "?"]
[Date "2010.??.??"]
[Round "?"]
[White "Urban, Miroslav"]
[Black "Bultman, Milan"]
[Result "1/2-1/2"]
[WhiteElo "2231"]
[BlackElo "2105"]
[PlyCount "67"]
[EventDate "2010.??.??"]
[EventType "corr"]

1. c4 c5 2. Nf3 d6 3. Nc3 e5 4. e4 Be7 5. d3 Nc6 6. Be2 f5 7. exf5 Bxf5 8. Nd2
Nf6 9. Nde4 O-O 10. Bf3 Nxe4 11. Bxe4 Bg5 12. O-O Bxc1 13. Bd5+ Kh8 14. Rxc1
Qg5 15. Bxc6 bxc6 16. Ne4 Qe7 17. f3 Kg8 18. Qa4 Qc7 19. Qc2 h5 20. Qd2 h4 21.
h3 Rab8 22. b3 Qe7 23. Rcd1 Bg6 24. Qa5 Qd8 25. Qa6 Qc7 26. Rf2 Rf4 27. Re2 Rb5
28. Red2 Bf5 29. Rc2 Rb8 30. Rb1 Qb6 31. Qa4 Re8 32. Rd1 Re6 33. Qa3 Rg6 34.
Kh1 1/2-1/2

[Event "22PCR_F"]
[Site "?"]
[Date "2010.??.??"]
[Round "?"]
[White "Struzka, Vlastimil"]
[Black "Bultman, Milan"]
[Result "1/2-1/2"]
[WhiteElo "2235"]
[BlackElo "2105"]
[PlyCount "71"]
[EventDate "2010.??.??"]
[EventType "corr"]

1. d4 Nf6 2. c4 g6 3. Nc3 Bg7 4. e4 d6 5. Be2 O-O 6. Nf3 e5 7. dxe5 dxe5 8. O-O
Nc6 9. Bg5 Qxd1 10. Rfxd1 Bg4 11. Kf1 h6 12. Be3 Rfd8 13. Rxd8+ Rxd8 14. Rd1
Rxd1+ 15. Bxd1 Be6 16. b3 b6 17. Ne1 Ne8 18. Nd3 f5 19. Ke1 fxe4 20. Nxe4 Bf5
21. f3 Nf6 22. Ndf2 Nxe4 23. Nxe4 Nd4 24. Kd2 g5 25. Kd3 Kf7 26. Bd2 a5 27. c5
Ke6 28. cxb6 cxb6 29. b4 axb4 30. Bxb4 Kd5 31. g4 Bg6 32. Ke3 Be8 33. Be7 Bf7
34. a4 Kc6 35. Bb4 Bg6 36. Kd2 1/2-1/2

[Event "22PCR_F"]
[Site "?"]
[Date "2010.??.??"]
[Round "?"]
[White "Struzka, Vlastimil"]
[Black "Chvojka, Jaroslav"]
[Result "1-0"]
[WhiteElo "2235"]
[BlackElo "2132"]
[PlyCount "89"]
[EventDate "2010.??.??"]
[EventType "corr"]

1. d4 Nf6 2. c4 c5 3. d5 d6 4. Nf3 g6 5. Nc3 Bf5 6. h3 Bg7 7. g4 Bc8 8. Bg2
Nbd7 9. O-O O-O 10. Re1 Qc7 11. e4 b6 12. Be3 Bb7 13. a3 Rfe8 14. Qd2 Ne5 15.
Nxe5 dxe5 16. Qe2 Rec8 17. g5 Ne8 18. Nb5 Qd7 19. b4 a6 20. Nc3 Nd6 21. bxc5
bxc5 22. a4 a5 23. Nb5 Ba6 24. Rab1 Bxb5 25. axb5 a4 26. Ra1 a3 27. Rec1 Ra4
28. Rc3 Qa7 29. Ra2 Qa5 30. Qd3 Qc7 31. Raxa3 Rca8 32. Bc1 Qb6 33. Qc2 R4a7 34.
Rxa7 Rxa7 35. Ra3 Rxa3 36. Bxa3 Qa7 37. Qb3 Nxc4 38. Qxc4 Qxa3 39. b6 Qa5 40.
d6 exd6 41. b7 Qb6 42. Qd5 h6 43. gxh6 Bxh6 44. Bf1 Kg7 45. Bc4 1-0

[Event "22PCR_F"]
[Site "?"]
[Date "2010.??.??"]
[Round "?"]
[White "Slavik, Miroslav"]
[Black "Fejfar, Vlastimil"]
[Result "1-0"]
[WhiteElo "2263"]
[BlackElo "2186"]
[PlyCount "45"]
[EventDate "2010.??.??"]
[EventType "corr"]

1. e4 e5 2. Nf3 Nc6 3. Bc4 Nf6 4. Ng5 Bc5 5. Nxf7 Bxf2+ 6. Kf1 Qe7 7. Nxh8 d5
8. exd5 Nd4 9. d6 cxd6 10. Kxf2 Bg4 11. Qf1 Nxc2 12. d4 O-O-O 13. Nf7 Rf8 14.
Na3 Nxa1 15. dxe5 dxe5 16. Be3 Bh5 17. Bxa7 Bxf7 18. Bxf7 Qxf7 19. Qc1+ Qc7 20.
Qxc7+ Kxc7 21. Rc1+ Kd6 22. Bc5+ Ke6 23. Bxf8 1-0

[Event "22PCR_F"]
[Site "?"]
[Date "2010.??.??"]
[Round "?"]
[White "Vlacil, Vladimir"]
[Black "Slavik, Miroslav"]
[Result "0-1"]
[WhiteElo "2125"]
[BlackElo "2263"]
[PlyCount "50"]
[EventDate "2010.??.??"]
[EventType "corr"]

1. e4 c6 2. d4 d5 3. Nc3 dxe4 4. Nxe4 Nd7 5. Bc4 Ngf6 6. Ng5 e6 7. Qe2 Nb6 8.
Bb3 a5 9. c3 h6 10. N1f3 a4 11. Bc2 c5 12. Be3 a3 13. b3 Nbd5 14. Bd2 Qb6 15.
c4 Nb4 16. Bxb4 Qxb4+ 17. Qd2 cxd4 18. Nxd4 Qxd2+ 19. Kxd2 e5 20. Nb5 Bb4+ 21.
Ke2 Bg4+ 22. f3 O-O-O 23. Rad1 Rxd1 24. Bxd1 Bf5 25. Nh3 Rd8 0-1

[Event "22PCR_F"]
[Site "?"]
[Date "2010.??.??"]
[Round "?"]
[White "Slavik, Miroslav"]
[Black "Vlacil, Vladimir"]
[Result "1-0"]
[WhiteElo "2263"]
[BlackElo "2125"]
[PlyCount "73"]
[EventDate "2010.??.??"]
[EventType "corr"]

1. e4 c5 2. Nf3 e6 3. Nc3 Nc6 4. d4 cxd4 5. Nxd4 Qc7 6. f4 a6 7. a3 Nxd4 8.
Qxd4 b5 9. Be3 Bb7 10. Be2 Rc8 11. O-O Nf6 12. e5 Nd5 13. Nxd5 Bxd5 14. a4 Bc5
15. Qxc5 Qxc5 16. Bxc5 Rxc5 17. axb5 axb5 18. c3 Ke7 19. Ra5 Bc6 20. Rc1 Rd5
21. Kf2 Rd2 22. b4 Bxg2 23. Ke3 Rb2 24. Bxb5 Rc8 25. Ra7 Bc6 26. Ba6 Rb8 27.
Be2 g6 28. Rca1 h6 29. R7a2 Rxa2 30. Rxa2 g5 31. fxg5 hxg5 32. b5 Bb7 33. c4
Ra8 34. Rxa8 Bxa8 35. Bf3 Bxf3 36. Kxf3 d6 37. Kg4 1-0

[Event "22PCR_F"]
[Site "?"]
[Date "2010.??.??"]
[Round "?"]
[White "Fejfar, Vlastimil"]
[Black "Vlacil, Vladimir"]
[Result "1-0"]
[WhiteElo "2186"]
[BlackElo "2125"]
[PlyCount "67"]
[EventDate "2010.??.??"]
[EventType "corr"]

1. e4 c6 2. d4 d5 3. e5 Bf5 4. Nf3 e6 5. c3 c5 6. Be2 Nc6 7. O-O cxd4 8. cxd4
Nge7 9. Nc3 Bg4 10. Ne1 Bxe2 11. Nxe2 Nf5 12. Nc2 h5 13. Ne3 g6 14. Nxf5 gxf5
15. Be3 Bh6 16. Bxh6 Rxh6 17. Qd2 Rh8 18. Rac1 Rg8 19. Rc3 Rh8 20. Nf4 Qd7 21.
Rfc1 O-O-O 22. Nd3 Kb8 23. Nc5 Qe8 24. Na6+ bxa6 25. Rxc6 Qd7 26. Qb4+ Qb7 27.
Qxb7+ Kxb7 28. Rc7+ Kb8 29. Rxf7 Rc8 30. Rxc8+ Rxc8 31. g3 Rc4 32. Re7 Rxd4 33.
Rxe6 Kb7 34. Rd6 1-0

[Event "22PCR_F"]
[Site "?"]
[Date "2010.??.??"]
[Round "?"]
[White "Cvak, Rudolf"]
[Black "Goc, Pavel"]
[Result "1-0"]
[WhiteElo "2080"]
[BlackElo "2154"]
[PlyCount "77"]
[EventDate "2010.??.??"]
[EventType "corr"]

1. e4 e5 2. Nf3 Nc6 3. Bc4 Bc5 4. b4 Bxb4 5. c3 Ba5 6. d4 exd4 7. Qb3 Qe7 8.
O-O Bb6 9. cxd4 Nxd4 10. Nxd4 Bxd4 11. Nc3 Nf6 12. Nb5 Be5 13. Ba3 c5 14. Rac1
Nxe4 15. Rce1 O-O 16. Rxe4 Bxh2+ 17. Kxh2 Qxe4 18. Nd6 Qg6 19. Qd1 Qf6 20. Re1
Qxf2 21. Rf1 Qh4+ 22. Kg1 b5 23. Bxf7+ Rxf7 24. Rxf7 Qd4+ 25. Qxd4 cxd4 26. Bb2
Bb7 27. Bxd4 Bc6 28. Rxg7+ Kf8 29. Nf5 Ke8 30. Bf6 a5 31. Be7 d5 32. Bf6 Kf8
33. Nh6 Ke8 34. Re7+ Kd8 35. Nf7+ Kc8 36. Nd6+ Kb8 37. Be5 b4 38. Nb5+ Kc8 39.
Rc7+ 1-0

[Event "22PCR_F"]
[Site "?"]
[Date "2010.??.??"]
[Round "?"]
[White "Vlacil, Vladimir"]
[Black "Bultman, Milan"]
[Result "0-1"]
[WhiteElo "2125"]
[BlackElo "2105"]
[PlyCount "54"]
[EventDate "2010.??.??"]
[EventType "corr"]

1. e4 c5 2. Nf3 d6 3. d4 cxd4 4. Nxd4 Nf6 5. Nc3 a6 6. Bg5 e6 7. f4 Qb6 8. Qd2
Qxb2 9. Rb1 Qa3 10. f5 Nc6 11. fxe6 fxe6 12. Nxc6 bxc6 13. Be2 Be7 14. O-O O-O
15. Kh1 Kh8 16. Rf3 Qa5 17. e5 Qxe5 18. Bd3 Ng4 19. Bf4 Qd4 20. Rbf1 Bd7 21.
Rh3 e5 22. Ne2 Nf2+ 23. Rxf2 Qxf2 24. Be3 Qf1+ 25. Ng1 Qf7 26. Rxh7+ Kg8 27.
Bh6 Bf6 0-1

[Event "22PCR_F"]
[Site "?"]
[Date "2010.??.??"]
[Round "?"]
[White "Chvojka, Jaroslav"]
[Black "Fejfar, Vlastimil"]
[Result "1-0"]
[WhiteElo "2132"]
[BlackElo "2186"]
[PlyCount "89"]
[EventDate "2010.??.??"]
[EventType "corr"]

1. d4 Nf6 2. c4 e6 3. Nc3 b6 4. Nf3 Bb7 5. e3 d5 6. cxd5 exd5 7. Ne5 Bd6 8.
Qa4+ c6 9. f4 a6 10. Be2 O-O 11. Bf3 c5 12. O-O b5 13. Qc2 cxd4 14. exd4 Nc6
15. Be3 Re8 16. g4 b4 17. g5 bxc3 18. gxf6 Qxf6 19. bxc3 Ne7 20. Rab1 Bc8 21.
Qg2 Bf5 22. Rb6 Qe6 23. c4 Reb8 24. Rxb8+ Rxb8 25. cxd5 Qc8 26. Rc1 Rb1 27. Qf1
Rxc1 28. Qxc1 Qb7 29. Nc4 Bb8 30. Kf2 Qb4 31. Ne5 Bd6 32. Nc4 Bb8 33. a3 Qb5
34. Qb2 Bxf4 35. Qxb5 axb5 36. Bxf4 bxc4 37. a4 Nc8 38. a5 c3 39. Ke3 Na7 40.
Bd6 Nb5 41. Bc5 c2 42. Kd2 Nc3 43. a6 Nb1+ 44. Kc1 Nc3 45. Ba3 1-0

[Event "22PCR_F"]
[Site "?"]
[Date "2010.??.??"]
[Round "?"]
[White "Chvojka, Jaroslav"]
[Black "Cvak, Rudolf"]
[Result "1-0"]
[WhiteElo "2132"]
[BlackElo "2080"]
[PlyCount "67"]
[EventDate "2010.??.??"]
[EventType "corr"]

1. d4 e6 2. e4 d5 3. Nc3 Bb4 4. e5 c5 5. a3 Bxc3+ 6. bxc3 Ne7 7. Nf3 Qa5 8. Bd2
c4 9. Be2 Bd7 10. Qb1 b5 11. h4 Nbc6 12. g3 Rb8 13. Kf1 h6 14. Kg2 a6 15. Qb2
O-O 16. h5 Qc7 17. Qc1 Kh7 18. Bf4 Qa5 19. g4 Rg8 20. Nh4 Qxc3 21. Bd1 f5 22.
g5 hxg5 23. Bxg5 f4 24. Nf3 Nf5 25. Bxf4 Qa5 26. c3 Rbf8 27. Bc2 Kh8 28. Bxf5
Rxf5 29. Nh4 Rf7 30. Bg5 Rgf8 31. h6 Rxf2+ 32. Kg3 g6 33. Ra2 R2f5 34. Nxg6+
1-0

[Event "22PCR_F"]
[Site "?"]
[Date "2010.??.??"]
[Round "?"]
[White "Vlacil, Vladimir"]
[Black "Cvak, Rudolf"]
[Result "0-1"]
[WhiteElo "2125"]
[BlackElo "2080"]
[PlyCount "60"]
[EventDate "2010.??.??"]
[EventType "corr"]

1. e4 e5 2. Nf3 Nc6 3. Bb5 a6 4. Ba4 Nf6 5. O-O Be7 6. Re1 b5 7. Bb3 O-O 8. a4
b4 9. d4 d6 10. dxe5 dxe5 11. Nbd2 Bc5 12. h3 h6 13. a5 Re8 14. c3 Rb8 15. Qe2
bxc3 16. bxc3 Qe7 17. Ba4 Bd7 18. Nb3 Bd6 19. Qxa6 Ra8 20. Qd3 Nxa5 21. Nxa5
Rxa5 22. Bxd7 Rxa1 23. Bxe8 Qxe8 24. Be3 Ra4 25. Nd2 Qc6 26. f3 Nh5 27. Rb1 Bc5
28. Nf1 Ra2 29. Bxc5 Rxg2+ 30. Kh1 Nf4 0-1